| 000 | 00612nam a2200193 a 4500 | ||
|---|---|---|---|
| 001 | 3092 | ||
| 003 | CDMR | ||
| 005 | 20131210162342.0 | ||
| 008 | 130130s1970||||||||||||||||||||||||||||d | ||
| 040 |
_aCDMR _bcat _cCDMR |
||
| 100 | 1 |
_aCalvo, Jorge Raúl _92256 |
|
| 245 | 1 | 0 |
_aPeriodismo para nuestro tiempo _b: el problema de la objetividad en los medios de comunicación de masas _cJorge Raúl Calvo |
| 260 |
_aBuenos Aires _c1970 _bBaraga |
||
| 300 | _a232 p. | ||
| 650 | 0 | 4 |
_9983 _aÈtica periodística |
| 650 | 0 | 4 |
_93219 _aPeriodisme _xObjectivitat |
| 650 | 0 | 4 |
_92799 _aPeriodisme _xAspectes socials |
| 942 |
_cMON _2udc |
||
| 999 |
_c3092 _d3092 |
||